Songs with 'Rock 'n' Roll' in the Title #2 - Statistics

General Stats
  • This quiz has been taken 32 times
  • The average score is 5 of 8
Answer Stats
Title Year Artist % Correct
Old Time Rock & Roll 1978 Bob Seger
94%
Rock And Roll Never Forgets 1976 Bob Seger
94%
It's Still Rock and Roll to Me 1980 Billy Joel
87%
Rock and Roll Ain't Noise Pollution 1980 AC/DC
81%
It's a Long Way to the Top (If You Wanna Rock 'N' Roll) 1976 AC/DC
81%
Rock and Roll 1971 Led Zeppelin
52%
Rock And Roll Dreams Come Through 1993 Meat Loaf
13%
Rock & Roll 1970 The Velvet Underground
6%
No matching quizzes found
Score Distribution
Percent of People with Each Score
Percentile by Number Answered
Your Score History
You have not taken this quiz